| 000 | 00745nam a22002057a 4500 | ||
|---|---|---|---|
| 003 | OSt | ||
| 005 | 20251128095301.0 | ||
| 008 | 251128b |||||||| |||| 00| 0 eng d | ||
| 020 | _a971-513-198-0 | ||
| 040 |
_aDWC-Main lib _cOC |
||
| 082 |
_21st edition _aFil. 372.37 As839s 2005 |
||
| 100 | _aAsperas, C. | ||
| 245 |
_aStrategies of health education : _b a text-workbook _cAsperas, Carlito M. |
||
| 250 | _a1st edition | ||
| 260 |
_aManila, Philippines : _bEducational Publishing House, _cc2005 |
||
| 300 |
_aix, 163 pages ; _c27 cm. |
||
| 504 | _aIncludes bibliographical references | ||
| 650 | _2Health education - Periodicals | ||
| 942 |
_2ddc _cBK - FIL _e1st edition _hFil. 372.37 As839s 2005 _kFil. _n0 |
||
| 999 |
_c6548 _d6548 |
||